000 01395nam a22002895i 4500
001 165454
003 ES-MaACL
005 20230906213135.0
008 940202s1760 be a |||| | spa d
040 _aCARM
_bspa
100 1 _aSobrino, Francisco.
_9107002
245 1 0 _aDiccionario nuevo de las lenguas española y francesa ...
_b: en que se contiene la explicacion del español en francès, y del francès en español : en dos partes ... /
_cpor Francisco Sobrino ... ; tomo primero.
250 _aSexta edicion, considerablemente augmentada, y nuevamente corregida...
260 _aEn Brusselas :
_ben la Imprenta de Henrique-Alberto Gosse y Soc. Mercad. de Libros,
_c1760.
300 _a[4], 601 p., [1] h. de grab. ;
_c4\so\p.
500 _aPalau, XXI, 315609.
595 _aDatos de ed. preceden a "tomo primero"
597 _aSign.: [@]>1<, [cruz]>1<, A-Z>4<, 2A-2Z>4<, 3A-3Z>4<, 4A-4F>4<, 4G>1<.
597 _aTexto a tres col.
597 _aPort. a dos tintas y con grab. xil.
599 _aLa h. de grab. calc. alegórica.
650 4 _aLengua española-
_vDiccionarios-
_xFrancés.
_914145
650 4 _aLengua francesa-
_vDiccionarios-
_xEspañol.
_914213
700 1 _aGosse, Henri Albert.
_9127490
752 _aBélgica -
_d, Bruselas
852 _aES-MaACL
_jR-765-66
_z-- Enc. pasta española grab. con hierros
_q-- Falto de la h. de grab.
_d-- Olim: G-6777-8
999 _c165454
_d165454